<?xml version="1.0" encoding="utf-8"?>
<?xml-stylesheet type='text/xsl' href='./oai2.xsl'?>
<OAI-PMH xmlns="http://www.openarchives.org/OAI/2.0/" xmlns:xsi="http://www.w3.org/2001/XMLSchema-instance" xsi:schemaLocation="http://www.openarchives.org/OAI/2.0/ http://www.openarchives.org/OAI/2.0/OAI-PMH.xsd">
  <responseDate>2026-06-06T01:58:29Z</responseDate>
  <request verb="GetRecord" metadataPrefix="marcxml" identifier="record_kuniweb_66144">https://kulturerbe.niedersachsen.de/oai</request>
  <GetRecord>
    <record>
      <header>
        <identifier>record_kuniweb_66144</identifier>
        <datestamp>2024-02-22T10:22:04Z</datestamp>
        <setSpec>slg0197</setSpec>
      </header>
      <metadata>
        <marc:record xmlns:marc="http://www.loc.gov/MARC21/slim" xsi:schemaLocation="http://www.loc.gov/MARC21/slim http://www.loc.gov/standards/marcxml/schema/MARC21slim.xsd">
          <marc:leader>12345nrm  22     uu 4500</marc:leader>
          <marc:controlfield tag="001">66144</marc:controlfield>
          <marc:controlfield tag="003">http://kuniweb.gbv.de</marc:controlfield>
          <marc:controlfield tag="005">2020-01-08T15:56:50</marc:controlfield>
          <marc:controlfield tag="008">|           ||||||||||||||||||||||</marc:controlfield>
          <marc:datafield tag="245" ind1="1" ind2="0">
            <marc:subfield code="a">Patene</marc:subfield>
          </marc:datafield>
          <marc:datafield tag="655" ind1=" " ind2="7">
            <marc:subfield code="a">Kunsthandwerk</marc:subfield>
          </marc:datafield>
          <marc:datafield tag="046" ind1=" " ind2=" ">
            <marc:subfield code="k">1200</marc:subfield>
            <marc:subfield code="k">13. Jahrhundert</marc:subfield>
            <marc:subfield code="l">1300</marc:subfield>
          </marc:datafield>
          <marc:datafield tag="260" ind1=" " ind2=" ">
            <marc:subfield code="g">1200</marc:subfield>
            <marc:subfield code="g">1300</marc:subfield>
            <marc:subfield code="g">13. Jahrhundert</marc:subfield>
          </marc:datafield>
          <marc:datafield tag="300" ind1=" " ind2=" ">
            <marc:subfield code="a">Durchmesser: 15,5 cm</marc:subfield>
          </marc:datafield>
          <marc:datafield tag="520" ind1=" " ind2=" ">
            <marc:subfield code="a">Patene aus der St. Marien Kirche Neukloster.
Der Spiegel, das Steigbord und die Fahne des flachen Tellers sind
konkav gewölbt. Auf der Fahne ist eine eingeritzte Scheibe zu
erkennen, die ein Tatzenkreuz trägt. Die freie Fläche der Scheibe ist kreuzschraffiert. (Sebastian Möllers)

Beschrieben in:
„Bilder und Nachrichten aus dem Alten Land und seiner Umgebung / mit einer Einführung in die Geschichte des Alten Landes und seiner Bauernhäuser ; Bd. 3“. Verein zur Förderung und Erhaltung Altländer Kultur, Jork, 1988. (S.661)

Beschrieben in:
„Die Kunstdenkmale des Landkreises Stade. Kunstdenkmale des Landes Niedersachsen ; .. : Regierungsbezirk Stadt“. Dt. Kunstverl., München [u.a.], 1965. (S. 536 Nr. 17)

Beschrieben in:
D. Meyer, „Mittelalter und Neuzeit. Bestandskatalog / Schwedenspeicher-Museum Stade ; 1“. Hansa-Druckerei, Stade, 1992. (S. 48)</marc:subfield>
          </marc:datafield>
          <marc:datafield tag="650" ind1="1" ind2=" ">
            <marc:subfield code="a">Altar</marc:subfield>
          </marc:datafield>
          <marc:datafield tag="650" ind1="1" ind2=" ">
            <marc:subfield code="a">Patene</marc:subfield>
          </marc:datafield>
          <marc:datafield tag="650" ind1="1" ind2=" ">
            <marc:subfield code="a">Altargerät</marc:subfield>
          </marc:datafield>
          <marc:datafield tag="773" ind1="0" ind2=" ">
            <marc:subfield code="t">Sammlung des Stader Geschichts- und Heimatvereins</marc:subfield>
          </marc:datafield>
          <marc:datafield tag="852" ind1=" " ind2=" ">
            <marc:subfield code="a">Museum Schwedenspeicher</marc:subfield>
          </marc:datafield>
          <marc:datafield tag="" ind1=" " ind2=" ">
            <marc:subfield code="a">Namensnennung 4.0 International (CC BY 4.0)</marc:subfield>
          </marc:datafield>
        </marc:record>
      </metadata>
    </record>
  </GetRecord>
</OAI-PMH>
